El Ingenioso Hidalgo Don Quijote de la Mancha (Record no. 2476)
[ view plain ]
| 000 -CABECERA | |
|---|---|
| campo de control de longitud fija | 01685nam a2200277 a 4500 |
| 001 - NÚMERO DE CONTROL | |
| campo de control | BRCA_2736 |
| 005 - FECHA Y HORA DE LA ÚLTIMA TRANSACCIÓN | |
| campo de control | 20190320203939.0 |
| 008 - DATOS DE LONGITUD FIJA--INFORMACIÓN GENERAL | |
| campo de control de longitud fija | 041208s1898----sp-a---###---#000-0#spa-u |
| 041 ## - CÓDIGO DE LENGUA | |
| Código de lengua del texto/banda sonora o título independiente | spa |
| 044 ## - CÓDIGO DEL PAÍS DE LA ENTIDAD EDITORA/PRODUCTORA | |
| Código MARC del país | sp |
| 084 ## - OTRO NÚMERO DE CLASIFICACIÓN | |
| Número de clasificación | 232 |
| Número de documento/Ítem | .O45 |
| -- | 1898 |
| 100 1# - ENTRADA PRINCIPAL--NOMBRE DE PERSONA | |
| Nombre de persona | Cervantes Saavedra, Miguel de |
| Fechas asociadas al nombre | 1547-1616 |
| 9 (RLIN) | 213 |
| 245 10 - MENCIÓN DE TÍTULO | |
| Título | El Ingenioso Hidalgo Don Quijote de la Mancha |
| Mención de responsabilidad, etc. | compuesto por Miguel de Cervantes Saavedra. |
| 260 ## - PUBLICACIÓN, DISTRIBUCIÓN, ETC. | |
| Lugar de publicación, distribución, etc. | Barcelona |
| Nombre del editor, distribuidor, etc. | D. Juan de Oliveres |
| Fecha de publicación, distribución, etc. | 1898 |
| 300 ## - DESCRIPCIÓN FÍSICA | |
| Extensión | 282 p. |
| Otras características físicas | il. |
| Dimensiones | 32 cm. |
| 440 #0 - MENCIÓN DE SERIE/PUNTO DE ACCESO ADICIONAL--TÍTULO | |
| Título | Museo excelsior : colección de las mejores obras literarias y pintorescas |
| 9 (RLIN) | 7717 |
| 500 ## - NOTA GENERAL | |
| Nota general | Contenido : Primera parte. Advertencia del editor. Dedicatoria del autor. Prólogo del autor. Versos preliminares. Texto. Segunda parte. Dedicatoria del autor. Prólogo del autor. Texto. El Buscapié con su prólogo y aprobaciones por D. Adolfo de Castro. |
| 500 ## - NOTA GENERAL | |
| Nota general | Esta edición contiene, además del texto y preliminares, El Buscapié de A. de Castro. Las láminas son copias de las de T. Johannot. Forma parte del Museo Excelsior : Colección de las Mejores Obras Literarias y Pintorescas. Bella edición, tanto por su parte literaria como por la tipográfica. Semipiel; lomo y planos decorados con adornos dorados Lúdovik Osterc |
| 500 ## - NOTA GENERAL | |
| Nota general | Estado físico : Lomo y cubierta parcialmente desprendidas y primeras hojas rotas de la parte superior izquierda. El Buscapié se encuentra desprendido de la encuadernación |
| 500 ## - NOTA GENERAL | |
| Nota general | QM221 |
| 700 1# - PUNTO DE ACCESO ADICIONAL--NOMBRE DE PERSONA | |
| Nombre de persona | Castro y Rossi, Adolfo de |
| Fechas asociadas al nombre | 1823-1898 |
| Término indicativo de función/relación | Anotador |
| 9 (RLIN) | 7718 |
| 700 1# - PUNTO DE ACCESO ADICIONAL--NOMBRE DE PERSONA | |
| Nombre de persona | Johannot, Tony |
| Fechas asociadas al nombre | 1803-1872 |
| Término indicativo de función/relación | Ilustrador |
| 9 (RLIN) | 7719 |
| 740 0# - PUNTO DE ACCESO ADICIONAL--TÍTULO RELACIONADO O ANALÍTICO NO CONTROLADO | |
| Título relacionado o analítico no controlado | El Ingenioso Hidalgo Don Quijote de la Mancha |
| 902 ## - CATALOGADOR | |
| Iniciales | QFM |
| 942 ## - ELEMENTOS DE PUNTO DE ACCESO ADICIONAL (KOHA) | |
| Fuente del sistema de clasificación o colocación | Library of Congress Classification |
| Tipo de ítem Koha | Libros |
| Estado de retiro | Estado de pérdida | Estado dañado | No para préstamo | Localización permanente | Ubicación/localización actual | Fecha de adquisición | Número de inventario | Total de préstamos | Signatura topográfica completa | Código de barras | Fecha visto por última vez | Precio válido a partir de | Tipo de ítem Koha |
|---|---|---|---|---|---|---|---|---|---|---|---|---|---|
| El ejemplar forma parte de la colección y puede ser consultado según las políticas vigentes. | Biblioteca del Museo Franz Mayer (Rogerio Casas-Alatriste) | Biblioteca del Museo Franz Mayer (Rogerio Casas-Alatriste) | 04/12/2008 | QM221 | 232 .O45 1898 (QM221) | 2733 | 22/03/2019 | 22/03/2019 | Libros |